La memoria archivada : (Registro nro. 61921)
[ vista simple ]
| 000 -LEADER | |
|---|---|
| fixed length control field | 00941cam a2200241 i 4500 |
| 001 - CONTROL NUMBER | |
| control field | 61921 |
| 005 - DATE AND TIME OF LATEST TRANSACTION | |
| control field | 20180714063735.0 |
| 008 - FIXED-LENGTH DATA ELEMENTS--GENERAL INFORMATION | |
| fixed length control field | 140415s2011 mx a r 000 0 spa d |
| 020 ## - INTERNATIONAL STANDARD BOOK NUMBER | |
| International Standard Book Number | 9786070229152 |
| 040 ## - CATALOGING SOURCE | |
| Original cataloging agency | MX-PuUPA |
| Language of cataloging | spa |
| Description conventions | rda |
| Transcribing agency | Mx-PuUPA |
| Modifying agency | Mx-PuUPA |
| 041 ## - LANGUAGE CODE | |
| Language code of text/sound track or separate title | spa |
| 082 0# - DEWEY DECIMAL CLASSIFICATION NUMBER | |
| Classification number | 305.8924072 |
| Item number | MEM |
| 245 03 - TITLE STATEMENT | |
| Title | La memoria archivada : |
| Remainder of title | los judíos en la configuración del México plural / |
| Statement of responsibility, etc. | Alicia Gojman de Backal, coordinadora. |
| 250 ## - EDITION STATEMENT | |
| Edition statement | Primera edición |
| 264 #1 - PRODUCTION, PUBLICATION, DISTRIBUTION, MANUFACTURE, AND COPYRIGHT NOTICE | |
| Place of production, publication, distribution, manufacture | Naucalpan, Estado de México : |
| Name of producer, publisher, distributor, manufacturer | Universidad Nacional Autónoma de México, Facultad de Estudios Superiores de Acatlán, |
| Date of production, publication, distribution, manufacture, or copyright notice | 2011 |
| 300 ## - PHYSICAL DESCRIPTION | |
| Extent | 355 páginas : |
| Other physical details | ilustraciones ; |
| Dimensions | 21 cm. |
| 336 ## - CONTENT TYPE | |
| Content type term | texto |
| Source | rdacontent |
| 337 ## - MEDIA TYPE | |
| Media type term | sin mediación |
| Source | rdamedia |
| 338 ## - CARRIER TYPE | |
| Carrier type term | volume |
| Source | rdacarrier |
| 650 #4 - SUBJECT ADDED ENTRY--TOPICAL TERM | |
| Topical term or geographic name entry element | Judíos |
| Geographic subdivision | México |
| General subdivision | Historia |
| Chronological subdivision | Siglo XX |
| 650 #4 - SUBJECT ADDED ENTRY--TOPICAL TERM | |
| Topical term or geographic name entry element | Judíos |
| General subdivision | Migraciones |
| 700 1# - ADDED ENTRY--PERSONAL NAME | |
| Personal name | Backal, Alicia G. de |
| Fuller form of name | (Alicia Gojman) |
| Relator term | editor |
| Withdrawn status | Lost status | Source of classification or shelving scheme | Damaged status | Not for loan | Collection code | Home library | Current library | Shelving location | Date acquired | Source of acquisition | Inventory number | Total Checkouts | Full call number | Barcode | Date last seen | Price effective from | Koha item type |
|---|---|---|---|---|---|---|---|---|---|---|---|---|---|---|---|---|---|
| Dewey Decimal Classification | General | Biblioteca Karol Wojtyla | Biblioteca Karol Wojtyla | Sala general | 28/11/2017 | Compra | 151000000000000000053655 | 305.8924072 MEM 2011 | 98932 | 05/01/2026 | 28/11/2017 | Libro |